[Event "Stuttgarter Stadtmeisterschaft B-Turnier"]
[Site "Ditzingen"]
[Date "2009.05.22"]
[Round "4.20"]
[White "Penzkofer, Ralf"]
[Black "Schmidt, Markus"]
[Result "0-1"]
[WhiteElo "1662"]
[BlackElo "1794"]
[PlyCount "44"]
[EventDate "2009.??.??"]

1. d4 Nf6 2. c4 g6 3. Nc3 Bg7 4. e4 d6 5. Bd3 O-O 6. Nge2 e5 7. O-O Nc6 8. d5
Ne7 9. Ng3 Nd7 10. Be3 f5 11. f4 g5 12. Nh5 Bh8 13. fxe5 f4 14. Bxf4 gxf4 15.
exd6 Ng6 16. dxc7 Qxc7 17. d6 Qxd6 18. c5 Qxc5+ 19. Kh1 Bxc3 20. Qb3+ Kh8 21.
Rac1 Qxh5 22. Qxc3+ Qe5 0-1

[Event "Stuttgarter Stadtmeisterschaft B-Turnier"]
[Site "Ditzingen"]
[Date "2009.05.22"]
[Round "4.21"]
[White "Liebetruth, Jimmy"]
[Black "Holschke, Christian"]
[Result "1-0"]
[WhiteElo "1788"]
[BlackElo "1553"]
[PlyCount "59"]
[EventDate "2009.??.??"]

1. d4 Nf6 2. Bg5 e6 3. e4 Be7 4. Nc3 d5 5. e5 Ne4 6. Bxe7 Qxe7 7. Nxe4 dxe4 8.
Qe2 Qb4+ 9. c3 Qb6 10. g3 Bd7 11. Bg2 Bc6 12. O-O-O a5 13. Bxe4 Bb5 14. Qc2 a4
15. Nh3 Bc4 16. Kb1 Ra5 17. Rd2 Na6 18. Nf4 a3 19. b3 Rb5 20. Ka1 Bd5 21. Nxd5
exd5 22. Bd3 Ra5 23. Rhd1 g6 24. f4 Ke7 25. Rf2 Rc8 26. f5 c5 27. fxg6 hxg6 28.
Rf6 Rc6 29. Rdf1 Rxf6 30. Rxf6 1-0

[Event "Stuttgarter Stadtmeisterschaft B-Turnier"]
[Site "Ditzingen"]
[Date "2009.05.22"]
[Round "4.23"]
[White "Tölg, Wolfgang"]
[Black "Gorb, Eugeniusz"]
[Result "1/2-1/2"]
[WhiteElo "1762"]
[BlackElo "1537"]
[PlyCount "120"]
[EventDate "2009.??.??"]

1. e4 e6 2. d4 d5 3. e5 c5 4. c3 Bd7 5. f4 Nc6 6. Nf3 Qb6 7. a4 Nh6 8. Bb5 Nf5
9. g4 Nfe7 10. O-O a6 11. Be2 Ng6 12. Ra2 Rc8 13. Be3 cxd4 14. cxd4 Nb4 15. Qb3
Qa7 16. Ra1 Nc2 17. Ra2 Nxe3 18. Qxe3 Bb4 19. Nc3 O-O 20. Rc1 Rc6 21. Kg2 Rfc8
22. Raa1 R8c7 23. Na2 Ba5 24. b4 Rxc1 25. Rxc1 Rxc1 26. Qxc1 Bd8 27. a5 Bc6 28.
f5 Nh4+ 29. Nxh4 Bxh4 30. Qc5 Qb8 31. Bxa6 Qd8 32. Qc1 exf5 33. gxf5 Qg5+ 34.
Qxg5 Bxg5 35. b5 Bd7 36. Bxb7 Be3 37. b6 Bxd4 38. Bxd5 Bxf5 39. b7 Bxe5 40. a6
Bb8 41. Nb4 Bd7 42. Bc4 Kf8 43. Kf3 Ke7 44. Ke4 Kd6 45. Nd3 f6 46. Nf4 Bc6+ 47.
Kd3 g5 48. Ne6 Bb5 49. Bxb5 Kxe6 50. Ke4 f5+ 51. Kf3 Ke5 52. h3 h5 53. Bd7 g4+
54. hxg4 hxg4+ 55. Kg2 Ke4 56. Bc6+ Kf4 57. Bd7 Ke5 58. Bc6 Kf4 59. Bd5 Ke5 60.
Bf7 Kf6 1/2-1/2

[Event "Stuttgarter Stadtmeisterschaft B-Turnier"]
[Site "Ditzingen"]
[Date "2009.05.22"]
[Round "4.24"]
[White "Lörincz, Benjamin"]
[Black "Wenzel, Ulrich"]
[Result "1/2-1/2"]
[WhiteElo "1898"]
[BlackElo "1649"]
[PlyCount "47"]
[EventDate "2009.??.??"]

1. d4 d5 2. e3 Nf6 3. Bd3 g6 4. f4 c5 5. c3 cxd4 6. exd4 Bg7 7. Nf3 O-O 8. O-O
Nc6 9. Qe1 e6 10. Nbd2 Qc7 11. Ne5 a6 12. Qh4 Qe7 13. g4 Nd7 14. g5 f5 15. Ndf3
Ndxe5 16. Nxe5 Nxe5 17. fxe5 h5 18. Bf4 b5 19. Qe1 Bd7 20. Qd2 Rfc8 21. Rfc1
Rc5 22. Rc2 Rac8 23. Rac1 Qd8 24. h4 1/2-1/2

[Event "Stuttgarter Stadtmeisterschaft B-Turnier"]
[Site "Ditzingen"]
[Date "2009.05.22"]
[Round "4.25"]
[White "Schäfer-Siebert, Carsten"]
[Black "Zikeli, Julia"]
[Result "0-1"]
[WhiteElo "1596"]
[BlackElo "1844"]
[PlyCount "64"]
[EventDate "2009.??.??"]

1. f4 d5 2. Nf3 Nf6 3. e3 c5 4. b3 Nc6 5. Bb2 e6 6. Be2 Be7 7. O-O a6 8. h3 h5
9. Ne5 h4 10. d3 d4 11. Nxc6 bxc6 12. e4 Qc7 13. Qe1 e5 14. fxe5 Qxe5 15. Nd2
Qc7 16. Bc1 Bd6 17. Nf3 Bg3 18. Qd1 Nh7 19. Bd2 Be6 20. Be1 O-O-O 21. Nxh4 Ng5
22. Nf5 Bh2+ 23. Kh1 g6 24. Qd2 Nxh3 25. gxh3 Rxh3 26. Kg2 Rdh8 27. Bg4 Bxf5
28. Bxf5+ gxf5 29. Qg5 R3h5 30. Qg7 Be5 31. Bg3 Bxg3 32. Qxg3 Rh2+ 0-1

[Event "Stuttgarter Stadtmeisterschaft B-Turnier"]
[Site "Ditzingen"]
[Date "2009.05.22"]
[Round "4.26"]
[White "Zaytsev, Evgeny"]
[Black "Riepert, Steffen"]
[Result "1/2-1/2"]
[WhiteElo "1810"]
[BlackElo "1641"]
[PlyCount "95"]
[EventDate "2009.??.??"]

1. e4 e6 2. Nf3 d5 3. Bd3 dxe4 4. Bxe4 Nf6 5. Bd3 Bc5 6. O-O b6 7. Bb5+ c6 8.
Bc4 O-O 9. d4 Be7 10. Bg5 Qc7 11. Bxf6 Bxf6 12. c3 c5 13. d5 Rd8 14. Qb3 exd5
15. Bxd5 Nc6 16. c4 Bb7 17. Nc3 Na5 18. Qc2 Bxc3 19. Bxb7 Qxb7 20. Qxc3 Nc6 21.
Rad1 Qc7 22. b3 Rd7 23. Rxd7 Qxd7 24. Re1 Rd8 25. Qe3 h6 26. h3 Nb4 27. Qe2 Kf8
28. Ne5 Qd2 29. a4 Nc2 30. Nd7+ Qxd7 31. Qxc2 Qd2 32. Qe4 Qd7 33. Qh7 f6 34.
Qe4 Re8 35. Qxe8+ Qxe8 36. Rxe8+ Kxe8 37. f4 Kd7 38. Kf2 Kc6 39. Ke3 f5 40. h4
g6 41. g3 a6 42. Kd3 b5 43. a5 bxc4+ 44. bxc4 Kd6 45. Ke3 Ke6 46. Kf3 Kf6 47.
Ke3 g5 48. h5 1/2-1/2

[Event "Stuttgarter Stadtmeisterschaft B-Turnier"]
[Site "Ditzingen"]
[Date "2009.05.22"]
[Round "4.27"]
[White "Krebs, Thomas"]
[Black "Srokovskiy, Andrea"]
[Result "1-0"]
[WhiteElo "1625"]
[BlackElo "1809"]
[PlyCount "57"]
[EventDate "2009.??.??"]

1. c4 e5 2. d3 f5 3. Nc3 Nc6 4. e3 Nf6 5. Bd2 d5 6. cxd5 Nxd5 7. Qb3 Nxc3 8.
Bxc3 g6 9. Nf3 Bg7 10. O-O-O Qe7 11. d4 e4 12. Nd2 a6 13. a4 b6 14. h4 Bb7 15.
Kb1 O-O-O 16. Rc1 Bf6 17. g3 Kb8 18. Be2 Rhe8 19. Rc2 a5 20. Bb5 Rf8 21. Rhc1
Qd6 22. Nf1 Rc8 23. Bxc6 Bxc6 24. Bxa5 Bd5 25. Qb5 Qe6 26. Nd2 Rf7 27. Bxb6
Qxb6 28. Qxb6+ cxb6 29. Rxc8+ 1-0

[Event "Stuttgarter Stadtmeisterschaft B-Turnier"]
[Site "Ditzingen"]
[Date "2009.05.22"]
[Round "4.28"]
[White "Häfele, Torsten"]
[Black "Florio, Antonio"]
[Result "1-0"]
[WhiteElo "1586"]
[BlackElo "1776"]
[PlyCount "51"]
[EventDate "2009.??.??"]

1. e4 c5 2. Nf3 d6 3. d4 cxd4 4. Nxd4 Nf6 5. Nc3 g6 6. Be3 Bg7 7. Be2 O-O 8.
Qd2 Nc6 9. O-O-O d5 10. exd5 Nxd5 11. Nxd5 Qxd5 12. Nxc6 Qxc6 13. Bf3 Qb5 14.
Bd4 Bf5 15. Bxg7 Kxg7 16. Rhe1 Rac8 17. Be4 Rfd8 18. Qe2 Rxd1+ 19. Qxd1 Be6 20.
Qd4+ f6 21. Bxb7 Rc7 22. Rxe6 Rxb7 23. c4 Qe8 24. Qxf6+ exf6 25. Rxe8 Kf7 26.
Re3 1-0

[Event "Stuttgarter Stadtmeisterschaft B-Turnier"]
[Site "Ditzingen"]
[Date "2009.05.22"]
[Round "4.29"]
[White "Cummings, Orlyn"]
[Black "Schnorr, Elke"]
[Result "1/2-1/2"]
[WhiteElo "1585"]
[BlackElo "1765"]
[PlyCount "66"]
[EventDate "2009.??.??"]

1. e4 c5 2. Nf3 e6 3. d4 cxd4 4. Nxd4 Nf6 5. Nc3 d6 6. Be2 a6 7. Be3 Qc7 8. O-O
Be7 9. f3 O-O 10. Qe1 Nbd7 11. Qf2 b5 12. Bd3 Bb7 13. Nb3 Rac8 14. Rfc1 Bd8 15.
a4 b4 16. Ne2 Ne5 17. a5 Nc4 18. Bxc4 Qxc4 19. Nf4 Bc7 20. Nd3 e5 21. Bd2 d5
22. Bxb4 dxe4 23. fxe4 Nxe4 24. Qa7 Qc6 25. Ne1 Bd6 26. Bxd6 Nxd6 27. Nd2 Rfd8
28. Qe3 Qc5 29. Qxc5 Rxc5 30. Nb3 Rc7 31. Rd1 f6 32. Rd2 Kf7 33. Rad1 Ke7
1/2-1/2

[Event "Stuttgarter Stadtmeisterschaft B-Turnier"]
[Site "Ditzingen"]
[Date "2009.05.22"]
[Round "4.30"]
[White "Pfeilsticker, Thorsten"]
[Black "Schmitz, Harald"]
[Result "1-0"]
[WhiteElo "1567"]
[BlackElo "1757"]
[PlyCount "51"]
[EventDate "2009.??.??"]

1. d4 d5 2. Nf3 Nf6 3. e3 e6 4. Bd3 c5 5. c3 Nc6 6. Nbd2 Be7 7. O-O Bd7 8. Re1
cxd4 9. exd4 Rc8 10. Nf1 Bd6 11. Bg5 h6 12. Bh4 O-O 13. Bg3 Bxg3 14. Nxg3 a6
15. Rc1 Na7 16. Ne5 Bb5 17. Bb1 Bd7 18. Qc2 Be8 19. Nh5 g6 20. Nf4 Kh8 21. Re3
Nc6 22. Nexg6+ fxg6 23. Nxg6+ Bxg6 24. Qxg6 Ne4 25. Qxh6+ Kg8 26. Qg6+ 1-0

[Event "Stuttgarter Stadtmeisterschaft B-Turnier"]
[Site "Ditzingen"]
[Date "2009.05.22"]
[Round "4.31"]
[White "Brittschock-Schrall, Bärbel"]
[Black "Zehring, Mathias"]
[Result "1/2-1/2"]
[WhiteElo "1542"]
[BlackElo "1753"]
[PlyCount "117"]
[EventDate "2009.??.??"]

1. d4 d5 2. Nf3 Bf5 3. Bf4 e6 4. c3 Bd6 5. Bxd6 Qxd6 6. e3 Nf6 7. Bd3 O-O 8.
Bxf5 exf5 9. O-O Nbd7 10. Nbd2 f4 11. exf4 Qxf4 12. h3 Rfe8 13. Qb3 b6 14. Rfe1
c6 15. Qc2 Ne4 16. Nxe4 dxe4 17. Qd2 Qd6 18. Nh2 f5 19. Re2 Nf6 20. Rae1 Rad8
21. Qg5 Qd5 22. a3 Re6 23. f3 Rde8 24. fxe4 Nxe4 25. Qf4 g5 26. Qf3 c5 27. Qd3
Rd8 28. Nf3 c4 29. Qc2 Rh6 30. Qc1 Rg6 31. Nd2 g4 32. Nxe4 fxe4 33. Rxe4 gxh3
34. g4 Rf8 35. Qd2 h5 36. Qe2 b5 37. Kh2 Qd7 38. Kxh3 hxg4+ 39. Rxg4 Qh7+ 40.
Kg3 Qc7+ 41. Qe5 Qf7 42. Qe6 Qxe6 43. Rxe6 Rxg4+ 44. Kxg4 Rf2 45. Ra6 Rxb2 46.
Rxa7 Rb3 47. a4 bxa4 48. Rxa4 Rxc3 49. Kf4 Kf7 50. Ke4 Ke6 51. d5+ Kd6 52. Kd4
Rc1 53. Ra6+ Kc7 54. Kc5 c3 55. Ra7+ Kb8 56. Re7 c2 57. Re2 Kc7 58. d6+ Kd7 59.
Rd2 1/2-1/2

[Event "Stuttgarter Stadtmeisterschaft B-Turnier"]
[Site "Ditzingen"]
[Date "2009.05.22"]
[Round "4.32"]
[White "Awiszus, Thomas"]
[Black "Kühnel, Lena"]
[Result "0-1"]
[WhiteElo "1539"]
[BlackElo "1728"]
[PlyCount "54"]
[EventDate "2009.??.??"]

1. Nf3 d5 2. c4 dxc4 3. Qa4+ Nd7 4. Qxc4 Ngf6 5. d4 e6 6. g3 c5 7. Be3 Nd5 8.
Bg5 Qb6 9. Bc1 cxd4 10. Nxd4 Bc5 11. e3 O-O 12. Bg2 Ne5 13. Qe2 Bxd4 14. exd4
Qxd4 15. O-O Ng6 16. Rd1 Qc5 17. Bd2 Bd7 18. Nc3 Bc6 19. Ne4 Qb5 20. Qxb5 Bxb5
21. Rac1 Bc6 22. Rc5 Rfd8 23. Be1 Rac8 24. b4 a6 25. Rcc1 Ba4 26. Rxc8 Rxc8 27.
Rd2 Rc1 0-1

[Event "Stuttgarter Stadtmeisterschaft B-Turnier"]
[Site "Ditzingen"]
[Date "2009.05.22"]
[Round "4.33"]
[White "Domingos, Antonio"]
[Black "Mainik, Philipp"]
[Result "1-0"]
[WhiteElo "1504"]
[BlackElo "1706"]
[PlyCount "57"]
[EventDate "2009.??.??"]

1. e4 e5 2. Nf3 Nc6 3. Bb5 a6 4. Ba4 Nf6 5. O-O b5 6. Bb3 Bc5 7. c3 O-O 8. d4
Bd6 9. Bg5 h6 10. Bh4 exd4 11. cxd4 Be7 12. Re1 Na5 13. Bc2 Bb7 14. Nbd2 Re8
15. a3 d6 16. b4 Nc6 17. Bb3 a5 18. Qe2 Qd7 19. Bxf6 Bxf6 20. Qxb5 Ba6 21. Qh5
Bxd4 22. Rab1 Rab8 23. bxa5 Bf6 24. Ba4 Rxb1 25. Rxb1 Be5 26. Rc1 Bb7 27. a6
Ba8 28. a7 d5 29. Bxc6 1-0

[Event "Stuttgarter Stadtmeisterschaft B-Turnier"]
[Site "Ditzingen"]
[Date "2009.05.22"]
[Round "4.34"]
[White "Matic, Marijo"]
[Black "Fischer, Stefan"]
[Result "0-1"]
[WhiteElo "1491"]
[BlackElo "1687"]
[PlyCount "92"]
[EventDate "2009.??.??"]

1. e4 c5 2. Nf3 d6 3. d4 cxd4 4. Nxd4 g6 5. Nc3 Bg7 6. Be2 Nc6 7. Be3 Bd7 8.
O-O Nf6 9. Nb3 h5 10. f3 Be6 11. Qd2 O-O 12. Rad1 Ne5 13. Nd4 Bc4 14. b3 Bxe2
15. Ncxe2 a6 16. h3 Nc6 17. f4 Qc7 18. Nc3 Rac8 19. Nde2 Rfd8 20. f5 Ne5 21.
fxg6 fxg6 22. Qd4 b5 23. Qb6 Qxb6 24. Bxb6 Rd7 25. a3 Nc6 26. Nf4 Rb7 27. Bf2
Ne5 28. Bd4 a5 29. Nfd5 Nxd5 30. Nxd5 Rxc2 31. Kh1 Ra2 32. Rc1 Rxa3 33. Rc8+
Kh7 34. Nf4 Rxb3 35. Ne6 Bf6 36. h4 a4 37. Ng5+ Kg7 38. Ne6+ Kh7 39. Ng5+ Bxg5
40. Bxe5 Bf6 41. Bxd6 a3 42. e5 exd6 43. exf6 Rf7 44. Re1 a2 45. Re7 a1=Q+ 46.
Kh2 Rxe7 0-1

[Event "Stuttgarter Stadtmeisterschaft B-Turnier"]
[Site "Ditzingen"]
[Date "2009.05.22"]
[Round "4.35"]
[White "Helmbrecht, Kurt"]
[Black "Aubel, Stefan"]
[Result "0-1"]
[WhiteElo "1657"]
[BlackElo "1591"]
[PlyCount "90"]
[EventDate "2009.??.??"]

1. e4 c5 2. Nf3 Nc6 3. d4 cxd4 4. Nxd4 Nf6 5. Nc3 d6 6. Be2 g6 7. Nxc6 bxc6 8.
O-O Bg7 9. Bf3 Bb7 10. Bg5 O-O 11. Qd2 Nd7 12. Bh6 Ne5 13. Be2 Rb8 14. Be3 a5
15. Rab1 c5 16. f3 Nc6 17. Kh1 Nd4 18. Bxd4 Bxd4 19. Nb5 Be5 20. c4 f5 21. exf5
Rxf5 22. f4 Bg7 23. Bf3 Bxf3 24. Rxf3 d5 25. Qe2 d4 26. b3 e5 27. fxe5 Rxe5 28.
Qf2 Qe7 29. Rf1 Rf8 30. Rxf8+ Qxf8 31. Qxf8+ Bxf8 32. g3 Re2 33. a4 Bg7 34. Rf3
Be5 35. Kg1 Kg7 36. Na7 Rd2 37. Nc6 Bc7 38. Ne7 d3 39. Nd5 Be5 40. h3 Bd4+ 41.
Kh1 Rd1+ 42. Kh2 d2 43. Rd3 Kf7 44. h4 Ke6 45. Ne3 Re1 0-1

[Event "Stuttgarter Stadtmeisterschaft B-Turnier"]
[Site "Ditzingen"]
[Date "2009.05.22"]
[Round "4.36"]
[White "Bay, Johannes"]
[Black "Prinz, Philipp"]
[Result "1/2-1/2"]
[WhiteElo "1650"]
[BlackElo "1532"]
[PlyCount "42"]
[EventDate "2009.??.??"]

1. e4 c5 2. f4 e6 3. Nf3 d5 4. e5 Ne7 5. Nc3 a6 6. d4 cxd4 7. Nxd4 Nbc6 8. Be3
Nxd4 9. Bxd4 Nf5 10. Bf2 Bb4 11. Qd3 O-O 12. g4 d4 13. a3 dxc3 14. axb4 cxb2
15. Rb1 Ne7 16. Bg2 Nd5 17. Bxd5 Qxd5 18. Qxd5 exd5 19. h3 b5 20. Rxb2 Bb7 21.
O-O Rac8 1/2-1/2

[Event "Stuttgarter Stadtmeisterschaft B-Turnier"]
[Site "Ditzingen"]
[Date "2009.05.22"]
[Round "4.37"]
[White "Klett, Hartmut"]
[Black "Roß, Torsten"]
[Result "1/2-1/2"]
[WhiteElo "1638"]
[BlackElo "1876"]
[PlyCount "35"]
[EventDate "2009.??.??"]

1. d4 d5 2. Nf3 Nf6 3. e3 g6 4. c4 c6 5. Nc3 Bg7 6. Qb3 O-O 7. cxd5 cxd5 8. Be2
Nc6 9. O-O a6 10. a4 b6 11. Qa3 Ne4 12. Nd2 e5 13. Ndxe4 exd4 14. Nxd5 Qxd5 15.
Bf3 Qd7 16. exd4 Nxd4 17. Qd3 Nxf3+ 18. Qxf3 1/2-1/2

[Event "Stuttgarter Stadtmeisterschaft B-Turnier"]
[Site "Ditzingen"]
[Date "2009.05.22"]
[Round "4.38"]
[White "Boyarchenko, Vlada"]
[Black "Rühl, Volker"]
[Result "1/2-1/2"]
[WhiteElo "1607"]
[BlackElo "1873"]
[PlyCount "71"]
[EventDate "2009.??.??"]

1. e4 e5 2. Nf3 Nc6 3. Nc3 Bc5 4. Nxe5 Bxf2+ 5. Kxf2 Nxe5 6. d4 Qf6+ 7. Kg1 Ng6
8. Nd5 Qd8 9. Qf3 c6 10. Nf4 Qf6 11. e5 Qe7 12. Bd2 Nh4 13. Qg4 g6 14. Re1 d5
15. e6 f5 16. Qg3 Qf6 17. c3 h6 18. h3 g5 19. Nd3 f4 20. Qg4 h5 21. Qe2 b6 22.
Qe5 Ng6 23. Qxf6 Nxf6 24. Ne5 Nxe5 25. Rxe5 Ne4 26. Bc1 Ke7 27. Kh2 Bxe6 28.
Be2 Kd7 29. Bf3 Nf2 30. Rf1 g4 31. Be2 Raf8 32. Kg1 g3 33. Rxh5 Rxh5 34. Bxh5
Rh8 35. Be2 Rh4 36. Bd2 1/2-1/2

[Event "Stuttgarter Stadtmeisterschaft B-Turnier"]
[Site "Ditzingen"]
[Date "2009.05.22"]
[Round "4.39"]
[White "Baumeister, Jürgen"]
[Black "Wendland, Tobias"]
[Result "1-0"]
[WhiteElo "1845"]
[BlackElo "1622"]
[PlyCount "53"]
[EventDate "2009.??.??"]

1. d4 d5 2. Nf3 c6 3. e3 Nf6 4. Bd3 e6 5. O-O c5 6. c3 Nc6 7. Re1 Bd6 8. Nbd2
c4 9. Bc2 b5 10. e4 Be7 11. a4 b4 12. exd5 exd5 13. Ne5 Qc7 14. Nxc6 Qxc6 15.
cxb4 Be6 16. b5 Qb6 17. Nf3 O-O 18. h3 Rac8 19. Bd2 h6 20. Qc1 Rfd8 21. a5 Qxb5
22. Bxh6 gxh6 23. Qxh6 Bb4 24. Rxe6 fxe6 25. Qg6+ Kf8 26. Qxf6+ Ke8 27. Ba4 1-0

[Event "Stuttgarter Stadtmeisterschaft B-Turnier"]
[Site "Ditzingen"]
[Date "2009.05.22"]
[Round "4.40"]
[White "Spiegelberg, Silvia"]
[Black "Naundorf, Jo-Jan"]
[Result "1-0"]
[WhiteElo "1553"]
[BlackElo "1796"]
[PlyCount "89"]
[EventDate "2009.??.??"]

1. e4 c5 2. Nf3 d6 3. d4 cxd4 4. Nxd4 Nf6 5. f3 g6 6. c4 Bg7 7. Nc3 O-O 8. Be3
Bd7 9. Be2 Nc6 10. O-O a6 11. Qc2 Rc8 12. Rac1 Ne5 13. Qb3 Qa5 14. Rfd1 Rb8 15.
Qc2 b5 16. Nd5 Nxd5 17. cxd5 Rfc8 18. Qb3 Nc4 19. Bf2 Bh6 20. Rc2 Ne5 21. Be1
Qb6 22. Bf2 Qd8 23. h3 Rxc2 24. Qxc2 Rc8 25. Qb3 Nc4 26. Kh1 Qb6 27. Kg1 Qb7
28. Kh1 Rc7 29. a4 Kf8 30. g3 e5 31. dxe6 fxe6 32. axb5 axb5 33. Qb4 Qa6 34. b3
Ne3 35. Bxe3 Bxe3 36. Nxb5 Bxb5 37. Bxb5 Bc5 38. Qxc5 Rxc5 39. Bxa6 Rc3 40. Rd3
Rc1+ 41. Kg2 Ke7 42. b4 Rc2+ 43. Kf1 g5 44. Rb3 Ra2 45. b5 1-0

[Event "Stuttgarter Stadtmeisterschaft B-Turnier"]
[Site "Ditzingen"]
[Date "2009.05.22"]
[Round "4.42"]
[White "Ruff, Robert"]
[Black "Wolf, Adam"]
[Result "1-0"]
[WhiteElo "1725"]
[BlackElo "1582"]
[PlyCount "89"]
[EventDate "2009.??.??"]

1. d4 Nf6 2. c4 g6 3. Nc3 Bg7 4. e4 d6 5. Be2 O-O 6. Nf3 e5 7. O-O c6 8. Be3
Na6 9. Re1 Kh8 10. Rb1 Nc7 11. a4 Bd7 12. b4 a6 13. d5 cxd5 14. cxd5 h6 15. Bb6
Nh7 16. Bf1 f5 17. Rc1 Rc8 18. b5 Qe8 19. Qb3 Na8 20. a5 Bxb5 21. Nxb5 axb5 22.
Bxb5 Qf7 23. Be3 fxe4 24. Nd2 Nf6 25. Nc4 Rfd8 26. Nb6 Nxb6 27. axb6 Nxd5 28.
Bc4 Rxc4 29. Qxc4 Rf8 30. Rcd1 Nxe3 31. Qxf7 Rxf7 32. Rxe3 Rf6 33. Rc3 d5 34.
Rxd5 Rxb6 35. Rc8+ Kh7 36. Kf1 h5 37. Rc7 Kh6 38. Rdd7 Rb1+ 39. Ke2 Rb2+ 40.
Ke3 Bf8 41. h4 g5 42. Rf7 Rb3+ 43. Kxe4 Rb4+ 44. Kxe5 Rf4 45. hxg5+ 1-0

[Event "Stuttgarter Stadtmeisterschaft B-Turnier"]
[Site "Ditzingen"]
[Date "2009.05.22"]
[Round "4.43"]
[White "Hirneise, Lothar"]
[Black "Wilhelm, Jens"]
[Result "0-1"]
[WhiteElo "1714"]
[BlackElo "1542"]
[PlyCount "53"]
[EventDate "2009.??.??"]

1. d4 d5 2. c4 e6 3. Nc3 c6 4. Bf4 Bd6 5. Bxd6 Qxd6 6. e3 Nf6 7. c5 Qc7 8. Nf3
Nbd7 9. Bd3 e5 10. dxe5 Nxe5 11. Nxe5 Qxe5 12. O-O O-O 13. Qc2 g6 14. Rae1 Ng4
15. f4 Qe7 16. Rf3 Qxc5 17. f5 Ne5 18. Rf2 Nxd3 19. Qxd3 Bxf5 20. Rxf5 gxf5 21.
Qxf5 Qd6 22. Rf1 Qe6 23. Qg5+ Kh8 24. Rf6 Qe7 25. Ne2 Rae8 26. Kf2 Qe5 27. Qh4
0-1

[Event "Stuttgarter Stadtmeisterschaft B-Turnier"]
[Site "Ditzingen"]
[Date "2009.05.22"]
[Round "4.44"]
[White "Hahn, Lilli"]
[Black "Schiller, Anna-Katharina"]
[Result "1/2-1/2"]
[WhiteElo "1697"]
[BlackElo "1508"]
[PlyCount "77"]
[EventDate "2009.??.??"]

1. d4 d5 2. c4 c6 3. Nc3 Nf6 4. Bg5 e6 5. e3 Be7 6. Nf3 Nbd7 7. Be2 b6 8. O-O
Bb7 9. cxd5 cxd5 10. Rc1 O-O 11. Qd2 a6 12. Rc2 Rc8 13. Rfc1 Re8 14. Bd3 Ne4
15. Bxe4 dxe4 16. Bxe7 Qxe7 17. Ne1 Rcd8 18. Ne2 Nf6 19. Rc7 Rd7 20. Qc2 Rxc7
21. Qxc7 Qxc7 22. Rxc7 Bd5 23. Nc3 Kf8 24. Nxd5 Nxd5 25. Rc6 Re7 26. Rc8+ Re8
27. Rc6 Re7 28. a3 Rc7 29. Rxc7 Nxc7 30. Nc2 Nd5 31. Kf1 Ke7 32. Ke2 a5 33. Kd2
Kd6 34. Na1 a4 35. Nc2 f5 36. f3 Kc6 37. fxe4 fxe4 38. g4 Kb5 39. Ne1 1/2-1/2

[Event "Stuttgarter Stadtmeisterschaft B-Turnier"]
[Site "Ditzingen"]
[Date "2009.05.22"]
[Round "4.45"]
[White "Geilfuß, Alexander"]
[Black "Philippin, Otto"]
[Result "1-0"]
[WhiteElo "1555"]
[BlackElo "1697"]
[PlyCount "93"]
[EventDate "2009.??.??"]

1. d4 d5 2. c4 Nc6 3. Nf3 Bg4 4. e3 e6 5. Bd2 Bb4 6. Nc3 Nge7 7. Be2 O-O 8. O-O
Bxf3 9. Bxf3 dxc4 10. a4 a6 11. b3 cxb3 12. Qxb3 Rb8 13. Rfd1 Bxc3 14. Bxc3 Nd5
15. Rac1 f5 16. Bb2 Nce7 17. Ba3 c6 18. e4 fxe4 19. Bxe4 Rf6 20. Rd3 Nf4 21.
Rd2 Ned5 22. Re1 Qa5 23. Qc2 Qc3 24. Bxh7+ Kf7 25. Qxc3 Nxc3 26. Bc2 b5 27. Bd6
Rb7 28. Be5 b4 29. Bxf6 gxf6 30. Bb3 Rd7 31. g3 Nfd5 32. a5 Rd6 33. f4 f5 34.
Bc4 Nc7 35. Re5 Kf6 36. Rd3 N3d5 37. Rd1 Nc3 38. Rde1 Rxd4 39. Bxe6 Ne4 40. Bc8
Rd5 41. Rxd5 cxd5 42. Rb1 Nd6 43. Bd7 Ke7 44. Bc6 Ne4 45. Rxb4 Kd6 46. Rb6 Kc5
47. Bb7 1-0

[Event "Stuttgarter Stadtmeisterschaft B-Turnier"]
[Site "Ditzingen"]
[Date "2009.05.22"]
[Round "4.46"]
[White "Trobonjaca, Milos"]
[Black "Gibicar, Miran"]
[Result "1/2-1/2"]
[WhiteElo "1665"]
[BlackElo "1438"]
[PlyCount "109"]
[EventDate "2009.??.??"]

1. d4 Nf6 2. Bg5 e6 3. e4 h6 4. Bxf6 Qxf6 5. Nc3 Bb4 6. Nge2 d6 7. g3 Nc6 8.
Bg2 O-O 9. O-O e5 10. d5 Ne7 11. a3 Bxc3 12. Nxc3 a6 13. Qd2 Qg6 14. Rae1 f5
15. f4 Bd7 16. a4 Rae8 17. fxe5 dxe5 18. b3 Qb6+ 19. Kh1 g5 20. Nd1 Rf7 21.
exf5 Nxf5 22. Be4 Ref8 23. Qd3 Qc5 24. Ne3 Nxe3 25. Rxf7 Rxf7 26. Rxe3 Bh3 27.
Rf3 Qf8 28. d6 Rxf3 29. Bxf3 Bf5 30. Qd5+ Qf7 31. Qxb7 cxd6 32. Qa8+ Kg7 33.
Kg2 Bxc2 34. Bd5 Qf8 35. Qxa6 Qe7 36. a5 e4 37. Qb7 Qxb7 38. Bxb7 Bxb3 39. Bxe4
d5 40. Bd3 d4 41. a6 Bd5+ 42. Kf2 Kf6 43. Ke2 Ke5 44. Kd2 h5 45. Bg6 h4 46. Kd3
Bc6 47. a7 Bb5+ 48. Kd2 Bc6 49. Be8 Bb7 50. gxh4 gxh4 51. Kd3 Ba6+ 52. Kd2 Bb7
53. Bd7 Ke4 54. Bh3 Ke5 55. Bc8 1/2-1/2

[Event "Stuttgarter Stadtmeisterschaft B-Turnier"]
[Site "Ditzingen"]
[Date "2009.05.22"]
[Round "4.47"]
[White "Baumann, Michaela"]
[Black "Strauss, Martin"]
[Result "1/2-1/2"]
[WhiteElo "1413"]
[BlackElo "1660"]
[PlyCount "140"]
[EventDate "2009.??.??"]

1. d4 d5 2. Nf3 e6 3. c4 Nf6 4. Nc3 c6 5. Bf4 Bd6 6. Bxd6 Qxd6 7. e3 Nbd7 8.
Be2 O-O 9. O-O b6 10. cxd5 exd5 11. Qc2 Re8 12. Rac1 Bb7 13. a3 Ne4 14. Bd3 f5
15. Ne2 Rac8 16. b4 b5 17. Ra1 a6 18. Qb2 Qf6 19. a4 g5 20. Ne5 Nxe5 21. dxe5
Qxe5 22. Qxe5 Rxe5 23. axb5 cxb5 24. Rfc1 Ree8 25. f3 Nd6 26. Nd4 Rxc1+ 27.
Rxc1 Rc8 28. Rxc8+ Bxc8 29. Nc6 Kf7 30. f4 h6 31. g3 Kf6 32. Kf1 Bb7 33. Nd4
Bc8 34. Ke2 Bd7 35. Kd2 Ne8 36. Ke2 g4 37. Kf2 h5 38. Kg2 Nd6 39. Kf2 Nc8 40.
Ke2 Nb6 41. Kd2 Nc8 42. Ke2 Ne7 43. Kd2 Nc6 44. Kc3 Nd8 45. Kd2 Nf7 46. Ke2 Nh6
47. Kd2 Ke7 48. Kc3 Kd6 49. Kb3 Kc7 50. Kc3 Kb6 51. Kb3 a5 52. Ka3 Ka6 53. Bc2
a4 54. Bd3 Kb6 55. Bc2 Nf7 56. Bxf5 Bc6 57. Bg6 Nd6 58. f5 Nc4+ 59. Ka2 Ne5 60.
Bxh5 Kc7 61. f6 Kd6 62. Nxc6 Nxc6 63. f7 Ke7 64. Bxg4 Nxb4+ 65. Kb2 Nd3+ 66.
Ka2 Ne5 67. Be2 Kxf7 68. Bxb5 Ng4 69. h4 Nxe3 70. Bxa4 Nf5 1/2-1/2

[Event "Stuttgarter Stadtmeisterschaft B-Turnier"]
[Site "Ditzingen"]
[Date "2009.05.22"]
[Round "4.48"]
[White "Langer, Helmut"]
[Black "Lörincz, Peter"]
[Result "0-1"]
[WhiteElo "1338"]
[BlackElo "1650"]
[PlyCount "173"]
[EventDate "2009.??.??"]

1. e4 e5 2. Nc3 d6 3. f4 Nf6 4. f5 Nc6 5. Nf3 a6 6. Bc4 b5 7. Bd5 Nxd5 8. Nxd5
Ne7 9. Ne3 Nc6 10. d3 Bd7 11. O-O Be7 12. Nd5 Bf6 13. Qe1 h6 14. Be3 Nb8 15.
Bf2 c6 16. Bb6 Qc8 17. Nc7+ Ke7 18. Nxa8 Qb7 19. Bf2 Qxa8 20. Bh4 c5 21. Bxf6+
gxf6 22. Qg3 Nc6 23. c3 Rh7 24. Kf2 Qh8 25. Ke3 Rg7 26. Qf2 h5 27. g3 Rg8 28.
Rg1 b4 29. h3 Qh6+ 30. Ke2 bxc3 31. bxc3 Na7 32. c4 Nc6 33. a3 a5 34. Rab1 a4
35. Qe3 Qh8 36. Kf2 Na5 37. Nd2 Rb8 38. Rxb8 Qxb8 39. Rb1 Qh8 40. Qf3 Nc6 41.
Qd1 Nd4 42. Rb7 Qa8 43. Qb1 Qa5 44. Qb2 h4 45. gxh4 Nc6 46. Nf1 Nd4 47. Ne3 Nb3
48. Nd5+ Kd8 49. Rb8+ Bc8 50. Nb6 Kc7 51. Rxc8+ Kxb6 52. Rb8+ Kc7 53. Rb5 Qa8
54. Rxb3 axb3 55. Qxb3 Qh8 56. Kg3 Qg7+ 57. Kh2 Qh7 58. Qd1 Qxh4 59. Qf3 Kb6
60. Qg3 Qh5 61. Qg4 Qh6 62. Qf3 Qg5 63. Qf1 Ka5 64. Qf2 Ka4 65. h4 Qh6 66. Kg2
Kxa3 67. Kh3 Kb3 68. Qe2 Kc3 69. h5 Kd4 70. Kg2 Qg5+ 71. Kf1 Kc3 72. Ke1 Qg1+
73. Qf1 Qg3+ 74. Kd1 Qh2 75. Qe2 Qh3 76. Kc1 Kd4 77. Kd2 Qg3 78. h6 Qf4+ 79.
Kc2 Qxh6 80. Qf2+ Qe3 81. Qxe3+ Kxe3 82. Kc3 Ke2 83. Kc2 Ke1 84. Kc1 Kf2 85.
Kd2 Kf3 86. Kd1 Ke3 87. Kc2 0-1